000 00714nam a22002297a 4500
003 UA-OsUOA
001 46463
007 ta
008 20070618b un ||||| |||| 00| 0 ukr d
100 _aБалашов Н.И.
090 _a82.09(460)
_bБ20
942 _cBK
040 _aUA-OsUOA
_bpol
_cUA-OsUOA
_dUA-OsUOA
245 _aИспанская классическая драма в сравнительно-литературном и текстологическом аспектах
300 _a332 с.
955 _a2
041 _apol
080 _a82.09(460)
260 _aМ.
_bНаука
_c1975
650 7 _a82 Література. Літературознавство
_2UDC
999 _c332555
_d332555